| 000 | 00663cam a2200217 4500 | ||
|---|---|---|---|
| 001 | J1565 | ||
| 008 | 090401t1993 xxu||||| |||| 00| 0 eng d | ||
| 035 | _a(Sirsi) u44238 | ||
| 041 | _aeng | ||
| 110 |
_aEurope _bEuropean Communities Commission _9698 |
||
| 245 | _aCommission Regulation (EEC) No 752/93 of 30 March 1993 laying down provisions for the implementation of Council Regulation (EEC) No 3911/92 on the export of cultural goods. | ||
| 260 | _c1993 | ||
| 300 | _a(8)p. ; 30cm. | ||
| 350 | _a0 | ||
| 650 | _aCULTURAL GOODS | ||
| 650 | _aEC REGULATIONS | ||
| 650 | _aEUROPEAN COMMUNITY | ||
| 650 | _aLICENCES | ||
| 942 | _n0 | ||
| 948 | _c04/03/1997 | ||
| 999 |
_c91465 _d91465 |
||